000 01008nac a22003137a 4500
001 BR8202656
003 BR-BrBNA
005 20240105115318.0
008 230509b bl.|||m| |||| 00| 0 por d
040 _aBR-BrBNA
_bpor
_cBiblioteca Nacional de Agricultura
072 _aF25; F00
090 _a1950 BR8202656
100 1 _aMondardo, E.
100 1 _aMoraes, O. de
100 1 _aMorel, D.A.
100 1 _aMiura, L.
100 1 _aSchmitt, A.T.
110 1 _aEmpresa Catarinense de Pesquisa Agropecuaria S.A., Florianopolis, SC (Brasil)
245 1 _aLeguminosas para adubacao verde em solos arenosos do Sul de Santa Catarina
250 1 _a2. ed.
260 3 _aFlorianopolis, SC (Brasil):
_c1982.
300 _a13 p.
490 _aComunicado Tecnico - Empresa Catarinense de Pesquisa Agropecuaria S.A. (Brazil)
_vno. 43
_xISSN 0100-4719
650 _aLEGUMINOSA
650 _aADUBACAO VERDE
650 _aSOLO
909 _a202312
_bLúcia Elande
_c55
_dLúcia Elande
942 _2AGRIS
_n0
_cMS
999 _c274214
_d274214